[Event "Remote Easter Gr.E email"]
[Site "Remote email"]
[Date "2014.05.01"]
[Round "?"]
[White "Raijmaekers, Kees"]
[Black "Thurau, Mira"]
[Result "1-0"]
[WhiteElo "2442"]
[BlackElo "1986"]
[PlyCount "33"]
[EventDate "2014.??.??"]
[EventType "tourn (corr)"]
[EventRounds "8"]
[EventCountry "GER"]
[SourceTitle "Corr 2015"]
[Source "ChessBase"]
[SourceDate "2015.07.17"]
[SourceVersion "1"]
[SourceVersionDate "2015.07.17"]
[SourceQuality "1"]

1. e4 e5 2. Nf3 Nf6 3. Nxe5 Qe7 4. Nf3 Qxe4+ 5. Be2 Qb4 6. 0-0 Be7 7. a3 Qb6 8. Re1 0-0 9. d4 d5 10. c4 dxc4 11. Bxc4 Bd6 12. Bg5 Be6 13. d5 Bg4 14. Bxf6 Qxb2 15. Bxb2 f6 16. Nbd2 Nd7 17. Qc2 1-0

[Event "Remote Easter Gr.E email"]
[Site "Remote email"]
[Date "2014.05.01"]
[Round "?"]
[White "Thurau, Mira"]
[Black "Schulz, Peter"]
[Result "0-1"]
[WhiteElo "1986"]
[BlackElo "1892"]
[PlyCount "42"]
[EventDate "2014.??.??"]
[EventType "tourn (corr)"]
[EventRounds "8"]
[EventCountry "GER"]
[SourceTitle "Corr 2015"]
[Source "ChessBase"]
[SourceDate "2015.07.17"]
[SourceVersion "1"]
[SourceVersionDate "2015.07.17"]
[SourceQuality "1"]

1. e4 e5 2. Nf3 f5 3. Nxe5 Qf6 4. Nc4 fxe4 5. Nc3 d6 6. Qh5+ g6 7. Qa5 b6 8. Nxb6 cxb6 9. Qd5 Qe7 10. Bb5+ Bd7 11. Qxa8 Bxb5 12. Qxb8+ Kf7 13. Nxb5 Nf6 14. Nxa7 Bg7 15. Qxb6 Nd5 16. Qb3 Qe6 17. Nb5 Ke7 18. 0-0 Rf8 19. Re1 Qf5 20. d3 Qxf2+ 21. Kh1 Qxe1# 0-1

[Event "Remote Federal-ch email"]
[Site "Remote email"]
[Date "2013.09.11"]
[Round "?"]
[White "Franken, Paul"]
[Black "Thurau, Mira"]
[Result "1-0"]
[WhiteElo "2358"]
[BlackElo "2020"]
[PlyCount "55"]
[EventDate "2013.??.??"]
[EventType "swiss (corr)"]
[EventRounds "12"]
[EventCountry "GER"]
[SourceTitle "Corr 2015"]
[Source "ChessBase"]
[SourceDate "2015.07.17"]
[SourceVersion "1"]
[SourceVersionDate "2015.07.17"]
[SourceQuality "1"]

1. e4 e5 2. Nf3 Nf6 3. d4 exd4 4. e5 Bb4+ 5. c3 dxc3 6. bxc3 Be7 7. exf6 Bxf6 8. Bd3 0-0 9. 0-0 d5 10. Qc2 h6 11. Ba3 Re8 12. Nbd2 Be6 13. Rae1 Nc6 14. Qb2 b6 15. h3 Ne7 16. Ne5 c5 17. Bb5 Rf8 18. Ndf3 a6 19. Bd3 Qc7 20. Re2 Rfe8 21. Rfe1 b5 22. Qc2 Rad8 23. Bc1 g5 24. Bh7+ Kg7 25. h4 g4 26. Qd2 Ng8 27. Bxg8 Rxg8 28. Qxh6# 1-0

[Event "Remote Federal-ch email"]
[Site "Remote email"]
[Date "2013.09.11"]
[Round "?"]
[White "Mueller, Achim"]
[Black "Thurau, Mira"]
[Result "1-0"]
[WhiteElo "2472"]
[BlackElo "1986"]
[PlyCount "99"]
[EventDate "2013.??.??"]
[EventType "swiss (corr)"]
[EventRounds "12"]
[EventCountry "GER"]
[SourceTitle "Corr 2015"]
[Source "ChessBase"]
[SourceDate "2015.07.17"]
[SourceVersion "1"]
[SourceVersionDate "2015.07.17"]
[SourceQuality "1"]

1. d4 d5 2. c4 e6 3. Nc3 Nf6 4. cxd5 exd5 5. Bg5 c6 6. Qc2 h6 7. Bh4 Na6 8. e3 Qa5 9. Bxf6 gxf6 10. Nge2 h5 11. Nc1 Nb4 12. Qb1 Na6 13. a3 Nb8 14. Bd3 Rg8 15. N1e2 Bd6 16. Bf5 Qc7 17. Bxc8 Qxc8 18. Ng3 h4 19. Qh7 Qg4 20. Nf5 Bf8 21. Nxh4 Rg7 22. Qf5 Nd7 23. g3 Qxf5 24. Nxf5 Rg5 25. f4 Rxf5 26. g4 Re5 27. fxe5 fxe5 28. h4 Bg7 29. 0-0-0 Ke7 30. Kc2 Rg8 31. g5 b5 32. Ne2 f6 33. Rhg1 Rh8 34. Ng3 fxg5 35. Nf5+ Kf6 36. Nxg7 Rxh4 37. Ne8+ Ke7 38. Nc7 Kd6 39. Na6 Rh2+ 40. Rd2 Rh5 41. Rdg2 exd4 42. exd4 Nb6 43. Rxg5 Rh2+ 44. R1g2 Rxg2+ 45. Rxg2 c5 46. dxc5+ Kd7 47. cxb6 Kc6 48. bxa7 Kb7 49. Rg7+ Kc6 50. a8Q+ 1-0

[Event "Remote Federal-ch email"]
[Site "Remote email"]
[Date "2013.09.11"]
[Round "?"]
[White "Thurau, Mira"]
[Black "Langschmidt, Dirk"]
[Result "1-0"]
[WhiteElo "2020"]
[BlackElo "1980"]
[PlyCount "57"]
[EventDate "2013.??.??"]
[EventType "swiss (corr)"]
[EventRounds "12"]
[EventCountry "GER"]
[SourceTitle "Corr 2015"]
[Source "ChessBase"]
[SourceDate "2015.07.17"]
[SourceVersion "1"]
[SourceVersionDate "2015.07.17"]
[SourceQuality "1"]

1. e4 c5 2. Nf3 d6 3. Nc3 Nf6 4. d4 cxd4 5. Nxd4 a6 6. Be2 e5 7. Nf3 Be6 8. Ng5 Be7 9. 0-0 0-0 10. Nxe6 fxe6 11. Qd3 Nc6 12. Qh3 Nd4 13. Bd3 Qc8 14. Be3 b5 15. f4 Kh8 16. Bxd4 exd4 17. e5 dxe5 18. fxe5 dxc3 19. exf6 Bc5+ 20. Kh1 h6 21. fxg7+ Kxg7 22. b4 Be7 23. Qg4+ Bg5 24. Qe4 Rf6 25. Qh7+ Kf8 26. Rxf6+ Bxf6 27. Rf1 Qd8 28. Bg6 Qd4 29. Qf7# 1-0

[Event "Remote Federal-ch email"]
[Site "Remote email"]
[Date "2013.09.11"]
[Round "?"]
[White "Thurau, Mira"]
[Black "Mantau, Jan"]
[Result "0-1"]
[WhiteElo "2020"]
[BlackElo "1977"]
[PlyCount "86"]
[EventDate "2013.??.??"]
[EventType "swiss (corr)"]
[EventRounds "12"]
[EventCountry "GER"]
[SourceTitle "Corr 2015"]
[Source "ChessBase"]
[SourceDate "2015.07.17"]
[SourceVersion "1"]
[SourceVersionDate "2015.07.17"]
[SourceQuality "1"]

1. e4 c5 2. Nf3 d6 3. d4 cxd4 4. Bb5+ Bd7 5. Nxd4 Nf6 6. Nc3 a6 7. Be2 Nc6 8. 0-0 e6 9. Be3 Be7 10. f4 0-0 11. Nb3 b5 12. a3 Rc8 13. Qd2 Qc7 14. Bf3 Kh8 15. Rfe1 Rfd8 16. Qf2 Rb8 17. Re2 Be8 18. Bb6 Qxb6 19. Nd5 Qxf2+ 20. Kxf2 Bf8 21. Nc7 Rb6 22. e5 dxe5 23. fxe5 Nd5 24. Nxe8 Rxe8 25. c3 Nf4 26. Re3 Nxe5 27. Rxe5 Nd3+ 28. Ke2 Nxe5 29. Be4 Nc4 30. Ra2 Rd8 31. Nd4 f5 32. Bd3 g6 33. a4 Ne5 34. a5 Rbd6 35. Bc2 Nc6 36. Nb3 Bh6 37. g3 Rd2+ 38. Nxd2 Rxd2+ 39. Ke1 Rxc2 40. Kd1 Rf2 41. Ra3 Ne5 42. h4 Nd3 43. b4 Rd2# 0-1

[Event "Remote Federal-ch email"]
[Site "Remote email"]
[Date "2013.09.11"]
[Round "?"]
[White "Thurau, Mira"]
[Black "Raap, Christian"]
[Result "0-1"]
[WhiteElo "1986"]
[BlackElo "2357"]
[PlyCount "115"]
[EventDate "2013.??.??"]
[EventType "swiss (corr)"]
[EventRounds "12"]
[EventCountry "GER"]
[SourceTitle "Corr 2015"]
[Source "ChessBase"]
[SourceDate "2015.07.17"]
[SourceVersion "1"]
[SourceVersionDate "2015.07.17"]
[SourceQuality "1"]

1. d4 Nf6 2. Nf3 g6 3. Bf4 Bg7 4. Nc3 d5 5. e3 0-0 6. Bd3 c5 7. 0-0 cxd4 8. exd4 Bg4 9. h3 Bxf3 10. Qxf3 Nc6 11. Ne2 Nh5 12. Bg5 Bxd4 13. Nxd4 Nxd4 14. Qe3 Nc6 15. c4 d4 16. Qd2 Qd6 17. Rfe1 Rfe8 18. Rac1 b6 19. g4 Nf6 20. Bf4 e5 21. Bg5 Nd7 22. Be4 Nc5 23. Bd5 Rac8 24. b4 Ne6 25. Be4 Nxb4 26. Bh4 Nc5 27. Qxb4 Nxe4 28. Qxd6 Nxd6 29. Bf6 Re6 30. g5 Rc5 31. Red1 Ne8 32. f4 Nxf6 33. gxf6 Rxf6 34. fxe5 Rxe5 35. Rxd4 Rg5+ 36. Rg4 Rxg4+ 37. hxg4 Rf4 38. Kg2 Rxg4+ 39. Kf3 Rg5 40. Rc3 h5 41. a4 Rf5+ 42. Ke4 Rc5 43. Kf3 Kg7 44. Ke4 b5 45. axb5 h4 46. Kd4 Rh5 47. c5 h3 48. Rc1 h2 49. Rh1 Kf6 50. c6 Ke7 51. Kc4 g5 52. c7 Kd7 53. Kc5 g4+ 54. Kb4 Kc8 55. Ka5 g3 56. Ka6 g2 57. Kxa7 gxh1Q 58. b6 0-1

[Event "Remote Federal-ch email"]
[Site "Remote email"]
[Date "2013.09.11"]
[Round "?"]
[White "Thurau, Mira"]
[Black "Vehlow, Burkhard"]
[Result "1-0"]
[WhiteElo "2020"]
[BlackElo "2238"]
[PlyCount "41"]
[EventDate "2013.??.??"]
[EventType "swiss (corr)"]
[EventRounds "12"]
[EventCountry "GER"]
[SourceTitle "Corr 2015"]
[Source "ChessBase"]
[SourceDate "2015.07.17"]
[SourceVersion "1"]
[SourceVersionDate "2015.07.17"]
[SourceQuality "1"]

1. e4 c5 2. Nf3 e6 3. Nc3 a6 4. d4 cxd4 5. Nxd4 Qc7 6. Bd3 Nc6 7. Nb3 b5 8. 0-0 Nf6 9. f4 h5 10. Qe2 d6 11. a4 b4 12. Nd1 Be7 13. a5 0-0 14. Qf3 Rb8 15. Nf2 Rd8 16. Qe2 Ra8 17. Be3 Qb7 18. Bb6 Rf8 19. e5 dxe5 20. fxe5 Nd5 21. Qxh5 1-0

[Event "Remote email"]
[Site "Remote email"]
[Date "2013.03.07"]
[Round "?"]
[White "Bezukhov, Pierre"]
[Black "Thurau, Mira"]
[Result "0-1"]
[WhiteElo "2000"]
[BlackElo "2000"]
[PlyCount "72"]
[EventDate "2013.??.??"]
[EventType "tourn (corr)"]
[EventRounds "6"]
[EventCountry "GER"]
[SourceTitle "Corr 2015"]
[Source "ChessBase"]
[SourceDate "2015.07.17"]
[SourceVersion "1"]
[SourceVersionDate "2015.07.17"]
[SourceQuality "1"]

1. d4 d5 2. Nc3 Nc6 3. Bf4 Bf5 4. e3 e6 5. Nf3 Bd6 6. Bb5 Bxf4 7. exf4 Nge7 8. b3 a6 9. Be2 0-0 10. a4 Qd6 11. 0-0 Qxf4 12. a5 g5 13. g3 Qg4 14. Re1 Qh5 15. h4 g4 16. Ne5 Nxe5 17. dxe5 Nc6 18. Nxd5 exd5 19. Qxd5 Bxc2 20. e6 Qxd5 21. Bxg4 Rae8 22. f4 Bxb3 23. f5 Qc5+ 24. Kf1 Ne5 25. Bh5 fxe6 26. Bxe8 Bc4+ 27. Kg2 Rxe8 28. f6 Bd5+ 29. Kf1 Nf3 30. Rac1 Qxa5 31. g4 Nh2+ 32. Ke2 Qb5+ 33. Kd2 Nf3+ 34. Ke3 Qb6+ 35. Ke2 Qb2+ 36. Ke3 Qd2# 0-1

[Event "Remote email"]
[Site "Remote email"]
[Date "2013.03.06"]
[Round "?"]
[White "Thurau, Mira"]
[Black "Vorobyev, Viktor Dmitrievich"]
[Result "1-0"]
[WhiteElo "2000"]
[BlackElo "2014"]
[PlyCount "65"]
[EventDate "2013.??.??"]
[EventType "tourn (corr)"]
[EventRounds "6"]
[EventCountry "GER"]
[SourceTitle "Corr 2015"]
[Source "ChessBase"]
[SourceDate "2015.07.17"]
[SourceVersion "1"]
[SourceVersionDate "2015.07.17"]
[SourceQuality "1"]

1. e4 c5 2. Nf3 e6 3. Nc3 a6 4. g3 b5 5. Bg2 Bb7 6. d3 d6 7. 0-0 h6 8. d4 b4 9. Nb1 Bxe4 10. dxc5 d5 11. Be3 Nc6 12. Nbd2 Nf6 13. Nxe4 Nxe4 14. Nd4 Nxd4 15. Qxd4 a5 16. Bxe4 dxe4 17. Qxe4 Qc7 18. Qxa8+ Ke7 19. c6 Kf6 20. Bd4+ e5 21. Ba7 g5 22. Rfd1 Bg7 23. Qb7 Rc8 24. Rd7 Qxc6 25. Rd6+ Qxd6 26. Qxc8 Kg6 27. Bc5 Qd2 28. Qa6+ Kh5 29. h3 Qxc2 30. g4+ Kh4 31. Qc6 Qd3 32. Be3 e4 33. Qc7 1-0

[Event "Remote email"]
[Site "Remote email"]
[Date "2013.02.07"]
[Round "?"]
[White "Thurau, Mira"]
[Black "Franken, Paul"]
[Result "0-1"]
[WhiteElo "2000"]
[BlackElo "2366"]
[PlyCount "50"]
[EventDate "2013.??.??"]
[EventType "tourn (corr)"]
[EventRounds "6"]
[EventCountry "GER"]
[SourceTitle "Corr 2015"]
[Source "ChessBase"]
[SourceDate "2015.07.17"]
[SourceVersion "1"]
[SourceVersionDate "2015.07.17"]
[SourceQuality "1"]

1. e4 e5 2. Nf3 Nc6 3. Bb5 a6 4. Bc4 Nf6 5. 0-0 Be7 6. b3 Nxe4 7. d3 Nf6 8. d4 d5 9. Be2 Nxd4 10. Nxd4 exd4 11. c3 dxc3 12. Nxc3 d4 13. Na4 0-0 14. h3 Nd5 15. Bg4 b5 16. Nb2 Nc3 17. Qf3 f5 18. Bh5 Ne4 19. Qd3 Bb7 20. Bf3 c5 21. g4 Bd6 22. a4 Qe7 23. Bf4 Bxf4 24. Rfe1 Qh4 25. Kf1 Qxf2# 0-1

[Event "Remote email"]
[Site "Remote email"]
[Date "2013.01.20"]
[Round "?"]
[White "Penis, Ingo"]
[Black "Thurau, Mira"]
[Result "0-1"]
[WhiteElo "2000"]
[BlackElo "1875"]
[PlyCount "86"]
[EventDate "2013.??.??"]
[EventType "tourn (corr)"]
[EventRounds "6"]
[EventCountry "GER"]
[SourceTitle "Corr 2015"]
[Source "ChessBase"]
[SourceDate "2015.07.17"]
[SourceVersion "1"]
[SourceVersionDate "2015.07.17"]
[SourceQuality "1"]

1. Nf3 d5 2. d4 f5 3. Bg5 h6 4. Be3 e6 5. a3 b6 6. Bf4 Ba6 7. g3 g6 8. Nh4 g5 9. Ng6 Rh7 10. Bg2 gxf4 11. Nxf4 Qd7 12. Nc3 c5 13. Qd2 Nf6 14. 0-0-0 Nc6 15. Rhe1 Nxd4 16. e3 Nb5 17. Ncxd5 exd5 18. Nxd5 Nxd5 19. Bxd5 Rd8 20. a4 Nc7 21. e4 fxe4 22. Bxe4 Re7 23. b4 Kf7 24. Qf4+ Kg8 25. Rxd7 Rdxd7 26. c3 Ne6 27. Qf6 Ng5 28. Qg6+ Bg7 29. Qh7+ Nxh7 30. Bd5+ Kf8 31. c4 Rxe1+ 32. Kc2 Re2+ 33. Kd3 Rxd5+ 34. Kxe2 Bxc4+ 35. Ke3 Bf6 36. h4 Rd3+ 37. Ke4 cxb4 38. Kf4 Rd4+ 39. Kf5 Bd3+ 40. Ke6 Kg7 41. f3 b3 42. f4 b2 43. f5 b1Q 0-1